|
|
|
|
| LEADER |
00000nab a2200000 ar4500 |
| 001 |
vtls008941200 |
| 003 |
SK-MaSNL |
| 005 |
20260303070823.0 |
| 008 |
070130c2001 xo mr|p|||||||000 b|slo |
| 015 |
|
|
|a SNBRB2007/01
|
| 038 |
|
|
|a SNKBUCL
|
| 040 |
|
|
|a SNKBUCL
|b slo
|e AACR2
|c SNKBUCL
|
| 041 |
0 |
|
|a slo
|
| 044 |
|
|
|a xo
|c SK
|
| 080 |
|
|
|a 336.226.212.1
|2 1997
|
| 080 |
|
|
|a 347.15/.17
|2 1997
|
| 080 |
|
|
|a 347.21
|2 1997
|
| 100 |
1 |
|
|a Bubeníková, Irena
|4 aut
|9 11676
|
| 245 |
1 |
0 |
|a Majetok fyzickej osoby zdaňovaný daňou z nehnuteľností
|c Irena Bubeníková
|
| 650 |
0 |
7 |
|a majetok
|2 snkbucl
|9 1607
|
| 650 |
0 |
7 |
|a fyzické osoby
|2 snkbucl
|9 4302
|
| 650 |
0 |
7 |
|a daň z nehnuteľnosti
|2 snkbucl
|9 2116
|
| 773 |
0 |
|
|t Majetkové práva a dane
|g Roč. I, č. 5 (2001), s. 13-17
|x 1335-5783
|
| 852 |
|
|
|a SNK
|b KIS3GCP
|
| 958 |
|
|
|a SK
|
| 999 |
|
|
|c 1757066
|d 1758996
|